<?xml version="1.0" encoding="UTF-8"?>
<record
    xmlns:xsi="http://www.w3.org/2001/XMLSchema-instance"
    xsi:schemaLocation="http://www.loc.gov/MARC21/slim http://www.loc.gov/standards/marcxml/schema/MARC21slim.xsd"
    xmlns="http://www.loc.gov/MARC21/slim">

  <leader>01314nam a22001817a 4500</leader>
  <controlfield tag="005">20220623214607.0</controlfield>
  <controlfield tag="008">220623b        |||||||| |||| 00| 0 eng d</controlfield>
  <datafield tag="020" ind1=" " ind2=" ">
    <subfield code="a">9788417975258</subfield>
  </datafield>
  <datafield tag="040" ind1=" " ind2=" ">
    <subfield code="c">Biblioteca Lado V</subfield>
  </datafield>
  <datafield tag="082" ind1=" " ind2=" ">
    <subfield code="a">709.2</subfield>
    <subfield code="b">L864c</subfield>
  </datafield>
  <datafield tag="100" ind1=" " ind2=" ">
    <subfield code="a">L&#xF3;pez, Miguel A. (edici&#xF3;n)</subfield>
  </datafield>
  <datafield tag="245" ind1=" " ind2=" ">
    <subfield code="a">Vero&#xED;r el fracaso iluminado</subfield>
  </datafield>
  <datafield tag="260" ind1=" " ind2=" ">
    <subfield code="a">M&#xE9;xico</subfield>
    <subfield code="b">Museo de Arte Contempor&#xE1;neo, UNAM</subfield>
    <subfield code="c">2020</subfield>
  </datafield>
  <datafield tag="300" ind1=" " ind2=" ">
    <subfield code="a">216 p.</subfield>
    <subfield code="b">il. (col)</subfield>
    <subfield code="c">22 x 16,5 cm</subfield>
  </datafield>
  <datafield tag="505" ind1=" " ind2=" ">
    <subfield code="t">Cecilia Vicu&#xF1;a: una retrospectiva para los ojos que no ven / Cecilia Vicu&#xF1;a: A Retrospective for Eyes That Do Not See</subfield>
    <subfield code="r">Miguel A. L&#xF3;pez</subfield>
    <subfield code="t">Hilando la hebra com&#xFA;n / Spinning the Common Thread</subfield>
    <subfield code="r">Lucy R. Lippard</subfield>
    <subfield code="t">Un sentimiento transnacional: Cecilia Vicu&#xF1;a en di&#xE1;logo con Valerie Fraser / A Transnational Feeling: Cecilia Vicu&#xF1;a in Dialogue with Valerie Fraser</subfield>
    <subfield code="r">Valerie Fraser</subfield>
    <subfield code="r">Cecilia Vicu&#xF1;a</subfield>
    <subfield code="t">Sobre mi relaci&#xF3;n con Leonora / On My Relation to Leonora</subfield>
    <subfield code="r">Cecilia Vicu&#xF1;a </subfield>
    <subfield code="t">El sabor a mi de Beau Geste Press / Beau Geste Press`s Sabor a m&#xED;</subfield>
    <subfield code="r">Cecilia Vicu&#xF1;a </subfield>
    <subfield code="t">Semblanza / Biographical Sketch</subfield>
    <subfield code="t">Cat&#xE1;logo / Catalogue</subfield>
    <subfield code="t">Cr&#xE9;ditos / Credits</subfield>
  </datafield>
  <datafield tag="650" ind1=" " ind2=" ">
    <subfield code="x">arte contempor&#xE1;neo</subfield>
    <subfield code="x">arte - exhibiciones </subfield>
    <subfield code="x">arte - biograf&#xED;a</subfield>
    <subfield code="x">Vicu&#xF1;a, Cecilia</subfield>
    <subfield code="x">artista - Chile</subfield>
    <subfield code="x">Vicu&#xF1;a, Cecilia - poeta</subfield>
    <subfield code="x">Vicu&#xF1;a, Cecilia - activista </subfield>
    <subfield code="x">Vicu&#xF1;a, Cecilia - artista visual</subfield>
  </datafield>
  <datafield tag="942" ind1=" " ind2=" ">
    <subfield code="2">ddc</subfield>
    <subfield code="c">1</subfield>
    <subfield code="n">0</subfield>
  </datafield>
  <datafield tag="999" ind1=" " ind2=" ">
    <subfield code="c">1910</subfield>
    <subfield code="d">1910</subfield>
  </datafield>
  <datafield tag="952" ind1=" " ind2=" ">
    <subfield code="0">0</subfield>
    <subfield code="1">0</subfield>
    <subfield code="2">ddc</subfield>
    <subfield code="4">0</subfield>
    <subfield code="7">0</subfield>
    <subfield code="a">LV</subfield>
    <subfield code="b">LV</subfield>
    <subfield code="d">2022-06-23</subfield>
    <subfield code="l">0</subfield>
    <subfield code="o">709.2 L864c</subfield>
    <subfield code="p">004911</subfield>
    <subfield code="r">2022-06-23 00:00:00</subfield>
    <subfield code="w">2022-06-23</subfield>
    <subfield code="y">1</subfield>
  </datafield>
</record>
